Регионална библиотека "Любен Каравелов" - Русе

Das Volksliederbuch (Запис номер 48809)

MARC детайли
000 -Лидер
Контролно поле с фиксирана дължина 01085nam a2200313 c 4500
003 - Код на организацията, давaща контролен номер
Контролно поле BLK
005 - Дата и час на последна редакция
Контролно поле 20180420221933.0
008 - Елементи от данни с фиксирана дължина
fixed length control field 180408b bul|||||r ||||||| ||bul||
010 ## - Наследен системен номер
LC control number KNG00052627000
020 ## - Международен стандартен номер на книга ISBN
Международен стандартен номер на книга ISBN 3-462-02294-6
-- издат.: Kiepenheuer Witsch
040 ## - Източник на каталожния запис
Идентификатор на билиотеката - собственик на записа BLK
041 ## - Код за език
Код за езика на текст/звукозапис или на отделно заглавие Немски
Код за езика КДБФ Немски
080 ## - УДК
Текстов определител УДК Народни песни - исторически, хороводни, обичайни
УДК код - определител по УДК 784.4
УДК определител (430)
УДК - код + определител 784.4(430)
139 ## - Редно поле
Редна дума Das Volksliederbuch
Авторски знак Volk - V 86
245 10 - Сведения за заглавието
Заглавие Das Volksliederbuch
Подзаглавни данни Uber 300 Lieder, ihre Melodien und Geschichten
Редно поле (дума) hrsg. von Heinz Rolleke.
257 ## - Страна на издаване
Страна на създаване/издаване Германия
260 ## - Област на издателските данни
-- Koln
Име на издателя, разпространителя и проч. Kiepenheuer Witsch
Година на издаване 1993
300 ## - Физическа характеристика
Страници 399 c
Илюстрации и др. с ил., ноти
Размери/Мащаб 28 cm
380 ## - Жанр
Жанр Изкуство
650 #4 - Допълнително описание по предмет – тема
Основно описание – тема или топоним Песни, народни, немски
9 (RLIN) 282281
653 ## - Ключова дума – ненормативна
Ключова дума народни песни
653 ## - Ключова дума – ненормативна
Ключова дума Германия
700 1# - Други автори (авторска отговорност)
Лично име Rolleke, Heinz
Автороска отговорност (Описва отношението между автора и произведението) hrsg. von
9 (RLIN) 22663
852 ## - Местоположение
Форматна сигнатура Цб ІІ 9034
856 4# - Електронен адрес и достъп
Електронен формат pdf - файл
Път до файла /url/
856 4# - Електронен адрес и достъп
Електронен формат pdf - файл
Път до файла /url/
942 ## - АРТИКУЛИ
Вид на библиотечния материал Книги
Скрит в OPAC Не
944 ## - СЪЗДАВАНЕ И РЕДАКЦИЯ на ЗАПИСА
Създаване/Редакция Създаване
Дата на регистрацията/редакция 01.01.1999
Служител, извършил регистрацията/редакцията Теодора_Стоянова
944 ## - СЪЗДАВАНЕ И РЕДАКЦИЯ на ЗАПИСА
Създаване/Редакция Редакция
Дата на регистрацията/редакция 01.02.2017
Служител, извършил регистрацията/редакцията Лили_Борисова
999 ## - СИСТЕМНИ КОНТРОЛНИ НОМЕРА
Koha biblionumber 48809
Koha biblioitemnumber 48809
Наличности
Код за отписване Код за изгубен артикул Източник на класификационната схема Код за повреда Коз за рестрикции Код за отдаване Артикулен № Име на библиотеката - собственик Име на библиотеката, в която се намира в момента Статус (Текущо местоположение) Дата на вписване в системата Местоположение - отдел Цена в лева Инвентарен номер Систематично азбучна сигнатура Баркод Номер на екземпляра Цена в евро Служебна бележка Служебен тип на артикула
  Не е изгубен Universal Decimal Classification Не е повреден без рестрикции заемане за дома 76507 Регионална библиотека "Любен Каравелов" Русе Регионална библиотека "Любен Каравелов" Русе ЧЧЗО - нем. ез. - Гьоте инст. 2002-01-01 ЧЧЗО - нем. ез. - Гьоте инст. 45.00 120000902275 Ч5 78/V86 120000902275 1 23.01 Дост: Da Дата: 01.01.1993 Книги
Vip Innovations Ltd, Rousse, Bulgaria 2025